Công nghệ học T.1 Công nghệ học
Trình bày các khái niệm, lý luận theo quan điểm của tác giả về sản phẩm giáo dục, nghiệp vụ sư phạm, công nghệ giáo dục, việc dạy, công nghệ của việc học, giáo dục nhà trường, giáo dục gia đình giáo dục cổ truyền, giáo dục hiện đại......
Сохранить в:
| Главный автор: | |
|---|---|
| Формат: | |
| Язык: | Vietnamese |
| Опубликовано: |
H.
Giáo dục
2010
|
| Предметы: | |
| Метки: |
Добавить метку
Нет меток, Требуется 1-ая метка записи!
|
| Thư viện lưu trữ: | Mạng thư viện Đại học Đà Nẵng |
|---|
| LEADER | 01580aam a22003738a 4500 | ||
|---|---|---|---|
| 001 | 000019916 | ||
| 003 | 16357 | ||
| 005 | 20141128161157.0 | ||
| 008 | 141127s2010 viesd | ||
| 020 | |c 52000đ |d 2000b | ||
| 041 | 0 | |a vie | |
| 082 | 1 | 4 | |2 14 |a 371.3 |b HÔ-Đ |
| 100 | 1 | |a Hồ Ngọc Đại | |
| 245 | 1 | 0 | |a Công nghệ học |c Hồ Ngọc Đại |n T.1 |p Công nghệ học |
| 260 | |a H. |b Giáo dục |c 2010 | ||
| 300 | |a 327 tr. |c 21 cm. | ||
| 520 | |a Trình bày các khái niệm, lý luận theo quan điểm của tác giả về sản phẩm giáo dục, nghiệp vụ sư phạm, công nghệ giáo dục, việc dạy, công nghệ của việc học, giáo dục nhà trường, giáo dục gia đình giáo dục cổ truyền, giáo dục hiện đại... | ||
| 650 | 0 | 4 | |2 Bộ TK TVQG |a Giáo dục |x Khoa học công nghệ |
| 650 | 7 | |2 Bộ TK TVQG | |
| 650 | 7 | |2 Bộ TK TVQG | |
| 653 | |a Giáo dục | ||
| 653 | |a Công nghệ học | ||
| 773 | |a Hồ Ngọc Đại |d H. |d 2010 |d Giáo dục |t Công nghệ học |w 451470 | ||
| 773 | |d Giáo dục Việt Nam |d H. |d 2010 |t Công nghệ học |w 16356 | ||
| OWN | |a LSP | ||
| AVA | |a UDN50 |b LSP |d 371.3 HÔ-Đ |e available |t Error 5001 Not defined in file expand_doc_bib_avail. |f 5 |g 0 |h N |i 0 |k 1 | ||
| 999 | |a From the UDN01 | ||
| AVA | |a UDN50 |b LSP |d 371.3 HÔ-Đ |e available |t Error 5001 Not defined in file expand_doc_bib_avail. |f 5 |g 0 |h N |i 0 |k 1 | ||
| TYP | |a Monograph | ||
| TYP | |a Printed language | ||
| 980 | |a Mạng thư viện Đại học Đà Nẵng | ||